Rachel McAdams Projects by Picture - Statistics

General Stats
  • This quiz has been taken 7 times
  • The average score is 7 of 24
Answer Stats
Picture Answer % Correct
Mean Girls
100%
The Notebook
100%
About Time
60%
The Family Stone
60%
The Vow
60%
Doctor Strange
40%
Game Night
40%
Send Help
40%
Sherlock Holmes
40%
The Hot Chick
40%
Aloha
20%
Are You There God It's Me Margaret
20%
Disobedience
20%
Red Eye
20%
Southpaw
20%
True Detective
20%
Wedding Crashers
20%
A Most Wanted Man
0%
Midnight in Paris
0%
Moring Glory
0%
Passion
0%
Spotlight
0%
State of Play
0%
To the Wonder
0%
No matching quizzes found
Score Distribution
Percent of People with Each Score
Percentile by Number Answered
Your Score History
You have not taken this quiz